Sports Quiz

Random Sports or Hockey Quiz

NHL Team Points Leaders (Last Five Seasons) Quiz Stats

 Plays Quiz Updated Dec 16, 2018

Challenge
Share
Tweet
Embed
Score 0/151 Timer 15:00
10 Plays Today
Team Player % Correct
Pittsburgh PenguinsSidney Crosby
93.4%
Pittsburgh PenguinsEvgeni Malkin
93.3%
Chicago BlackhawksPatrick Kane
93%
Chicago BlackhawksPatrick Kane
93%
Washington CapitalsAlexander Ovechkin
91.7%
Anaheim DucksRyan Getzlaf
91.1%
Edmonton OilersConnor McDavid
91%
Anaheim DucksRyan Getzlaf
90.4%
Boston BruinsBrad Marchand
88.3%
Boston BruinsBrad Marchand
87.1%
Carolina HurricanesEric Staal
86.8%
Dallas StarsTyler Seguin
86%
New York IslandersJohn Tavares
85.9%
San Jose SharksJoe Pavelski
85.4%
Washington CapitalsAlexander Ovechkin
85.4%
Vancouver CanucksBrock Boeser
85.1%
Winnipeg JetsBlake Wheeler
85.1%
Las Vegas Golden KnightsWilliam Karlsson
84.3%
Philadelphia FlyersClaude Giroux
84.2%
Buffalo SabresJack Eichel
84.2%
Los Angeles KingsAnze Kopitar
84%
Dallas StarsTyler Seguin
83.6%
Edmonton OilersConnor McDavid
83.3%
Toronto Maple LeafsAuston Matthews
83%
New York IslandersMathew Barzal
82.9%
Ottawa SenatorsErik Karlsson
82.7%
San Jose SharksBrent Burns
82.6%
Detroit Red WingsHenrik Zetterberg
81%
Edmonton OilersTaylor Hall
80.8%
Buffalo SabresJack Eichel
80.6%
Toronto Maple LeafsPhil Kessel
80.6%
Tampa Bay LightningNikita Kucherov
80.4%
Detroit Red WingsDylan Larkin
80.2%
Washington CapitalsNicklas Backstrom
79.9%
Anaheim DucksRyan Getzlaf
79.7%
Calgary FlamesJohnny Gaudreau
79.4%
Dallas StarsJamie Benn
79.2%
St. Louis BluesVladimir Tarasenko
78.6%
Philadelphia FlyersClaude Giroux
78.3%
Pittsburgh PenguinsSidney Crosby
77.7%
Tampa Bay LightningNikita Kucherov
77.6%
Calgary FlamesJohnny Gaudreau
77%
Minnesota WildEric Staal
76.3%
Colorado AvalancheNathan MacKinnon
76%
Toronto Maple LeafsMitch Marner
74.7%
Montreal CanadiensMax Pacioretty
73.3%
Colorado AvalancheNathan MacKinnon
71.9%
San Jose SharksBrent Burns
71.6%
St. Louis BluesAlexander Steen
71.4%
Montreal CanadiensMax Pacioretty
69.1%
Philadelphia FlyersJakub Voracek
66.3%
Team Player % Correct
Ottawa SenatorsErik Karlsson
65.4%
Carolina HurricanesJeff Skinner
65.3%
Montreal CanadiensBrendan Gallagher
63.8%
Nashville PredatorsFilip Forsberg
63.7%
New York IslandersKyle Okposo
63%
Carolina HurricanesSebastian Aho
61.9%
Los Angeles KingsJeff Carter
61.8%
Anaheim DucksRickard Rakell
59.3%
Minnesota WildJason Pominville
58.8%
Columbus Blue JacketsRyan Johansen
58.5%
New Jersey DevilsTaylor Hall
56.7%
Boston BruinsDavid Krejci
56.3%
Arizona CoyotesClayton Keller
56.2%
Colorado AvalancheMatt Duchene
55.6%
Winnipeg JetsBlake Wheeler
55.6%
Nashville PredatorsShea Weber
55.1%
Los Angeles KingsAnze Kopitar
54.9%
Vancouver CanucksHenrik Sedin
54.6%
Pittsburgh PenguinsSidney Crosby
54.2%
New York RangersMats Zuccarello
53.8%
Vancouver CanucksBo Horvat
53.8%
Winnipeg JetsMark Scheifele
53.6%
Arizona CoyotesKeith Yandle
53.5%
Tampa Bay LightningMartin St. Louis
53.5%
Washington CapitalsAlexander Ovechkin
53%
Chicago BlackhawksJonathan Toews
52.2%
Vancouver CanucksDaniel Sedin
51%
Pittsburgh PenguinsSidney Crosby
50.7%
Buffalo SabresCody Hodgson
50.6%
Chicago BlackhawksPatrick Sharp
49.7%
Columbus Blue JacketsCam Atkinson
49.2%
Chicago BlackhawksPatrick Kane
49%
Carolina HurricanesEric Staal
48.8%
Detroit Red WingsHenrik Zetterberg
48.5%
Anaheim DucksRyan Getzlaf
47.9%
San Jose SharksJoe Pavelski
47.7%
Vancouver CanucksDaniel Sedin
47.6%
Los Angeles KingsAnze Kopitar
47.2%
Dallas StarsJamie Benn
47%
New Jersey DevilsJaromír Jágr
47%
New York IslandersJohn Tavares
46.8%
Calgary FlamesJiri Hudler
46.4%
Boston BruinsPatrice Bergeron
46.3%
Ottawa SenatorsErik Karlsson
45.8%
Florida PanthersNick Bjugstad
45.5%
Tampa Bay LightningNikita Kucherov
45%
Detroit Red WingsHenrik Zetterberg
44.9%
Calgary FlamesJohnny Gaudreau
44.8%
New York IslandersJohn Tavares
44.4%
Los Angeles KingsAnze Kopitar
44.4%
Detroit Red WingsDaniel Alfredsson
43.9%
Team Player % Correct
Boston BruinsPatrice Bergeron
43.7%
Minnesota WildMikael Granlund
43.6%
Dallas StarsJamie Benn
43.5%
New York RangersRick Nash
43.5%
Philadelphia FlyersClaude Giroux
42.9%
New York RangersMats Zuccarello
42.4%
Arizona CoyotesOliver Ekman-Larsson
42.2%
Ottawa SenatorsErik Karlsson
42.2%
Philadelphia FlyersJakub Voracek
42.1%
Washington CapitalsEvgeny Kuznetsov
42%
Columbus Blue JacketsNick Foligno
41.9%
Toronto Maple LeafsPhil Kessel
41.7%
Carolina HurricanesJeff Skinner
41.7%
Tampa Bay LightningTyler Johnson
41.7%
San Jose SharksJoe Thornton
41.7%
Minnesota WildZach Parise
40.8%
Arizona CoyotesOliver Ekman-Larsson
39.6%
St. Louis BluesVladimir Tarasenko
37.6%
Columbus Blue JacketsCam Atkinson
37.5%
Nashville PredatorsViktor Arvidsson
37.5%
Edmonton OilersTaylor Hall
37.3%
Calgary FlamesJiri Hudler
37.3%
Toronto Maple LeafsNazem Kadri
36.9%
New York RangersMats Zuccarello
35.5%
Ottawa SenatorsMark Stone
35.4%
Colorado AvalancheMatt Duchene
35.2%
New Jersey DevilsAdam Henrique
34.5%
Winnipeg JetsBlake Wheeler
33.9%
Buffalo SabresRyan O'Reilly
33.3%
Minnesota WildMikko Koivu
33%
Montreal CanadiensMax Pacioretty
32.3%
Colorado AvalancheJarome Iginla
31.8%
Montreal CanadiensMax Pacioretty
30.6%
Arizona CoyotesRadim Vrbata
30.5%
Florida PanthersJaromír Jágr
29.4%
New Jersey DevilsKyle Palmieri
29.2%
Nashville PredatorsFilip Forsberg
29.2%
New Jersey DevilsKyle Palmieri
27.1%
Florida PanthersJonathan Huberdeau
26.2%
St. Louis BluesVladimir Tarasenko
25.7%
Florida PanthersVincent Trocheck
25.1%
Florida PanthersAleksander Barkov
24.3%
New York RangersMats Zuccarello
23.7%
Buffalo SabresTyler Ennis
23.4%
Nashville PredatorsFilip Forsberg
23.2%
Edmonton OilersJordan Eberle
22.6%
Columbus Blue JacketsArtemi Panarin
19.7%
St. Louis BluesBrayden Schenn
19%
Winnipeg JetsAndrew Ladd
17.3%

You're not logged in!

Compare scores with friends on all Sporcle quizzes.
OR
Log In

You Might Also Like...

Show Comments

Extras

Top Quizzes Today


Score Distribution

Your Account Isn't Verified!

In order to create a playlist on Sporcle, you need to verify the email address you used during registration. Go to your Sporcle Settings to finish the process.

Report this User

Report this user for behavior that violates our Community Guidelines.

Details: